000 00612nam a22001817a 4500
999 _c18051
_d18051
008 191123b xxu||||| |||| 00| 0 eng d
020 _a1118487136
040 _aKABU
_cKABU
050 _aLC94
_b.Z43 2014 c. 1
100 _aZhao, Yong
245 _aWho's afraid of the big bad dragon?
_bwhy China has the best ( an worst) education system in the world
_cYong Zhao
260 _aSan francisco, CA
_bJossey - Boss
_c2014
300 _axiv, 254 p.
650 _aEducation and state
_zChina
650 _aEducational anthropology
_zChina
650 _aEducational Sociology
_zChina
942 _2lcc
_cBK
_hLC94